Score 0/13 Timer 01:30
0 Plays Today
Hint 4-letter word % Correct
Mr. DisneyWALT
99.4%
Movement of air outsideWIND
98.1%
Die out, as a flowerWILT
98.1%
ImpoliteRUDE
97.4%
Travel on a busRIDE
97.2%
Alcoholic drinkWINE
97.2%
♫ [Rung 1] on the ____ [Rung 8] ♫
Untamed
WILD
96.1%
♫ ____ on the [Rung 4] [Rung 8] ♫
Travel with your feet
WALK
95.5%
Trigonometric functionSINE
95%
♫ [Rung 1] on the [Rung 4] ____
Edge of a shape
SIDE
93.9%
Paul ____ (Ant-Man actor)RUDD
93.1%
RegrettedRUED
84.7%
♫ Lou ____, singer of this song ♫
A plant in a marsh
REED
82.2%

Today's Daily Dose

Missing Word
Movies EA - EZ

Word Ladder
Bedtime!

You're not logged in!

Compare scores with friends on all Sporcle quizzes.
OR
Log In

Sporcle TV

Today on Sporcle TV


Watch our educational content, quiz creation guides, and fun videos on Sporcle TV.

Show Comments

Extras

Top Quizzes Today


Score Distribution

Paid Content

Your Account Isn't Verified!

In order to create a playlist on Sporcle, you need to verify the email address you used during registration. Go to your Sporcle Settings to finish the process.

Report this User

Report this user for behavior that violates our Community Guidelines.

Details: